Normal view
MARC view
- Dr. Noaman Ul Haq.
Entry Personal Name
001 - CONTROL NUMBER
- control field: 19259
003 - CONTROL NUMBER IDENTIFIER
- control field: NUST
005 - DATE AND TIME OF LATEST TRANSACTION
- control field: 20190816070236.0
008 - FIXED-LENGTH DATA ELEMENTS
- fixed length control field: 190816|| aca||aabn | a|a d
040 ## - CATALOGING SOURCE
- Original cataloging agency: NUST
- Transcribing agency: NUST
100 ## - HEADING--PERSONAL NAME
- Personal name: Dr. Noaman Ul Haq.
670 ## - SOURCE DATA FOUND
- Source citation: Work cat.: (NUST): Nawaz, Khalid 19257, Liquid Phase Exfoliation of Graphite to Graphene & its Applications in Polymeric Nanocomposites /, 2015.
